Smallville Guest stars - Statistics

General Stats
  • This quiz has been taken 10 times
  • The average score is 3 of 66
Answer Stats
tv/ movie actor % Correct
Supernatural Jason teague jensen Ackles
70%
Somewhere in time, Superman Virgil Swann Christopher Reeve
50%
V Wars, Lost, Vampire Diaries Adam Knight Ian Somerhalder
40%
Enchanted, American Hustle, Arrival Jodi Melville Amy Adams
30%
tell me a story, star Trek, Vampire Diaries Lucas Luthor Paul Wesley
30%
Reacher Arthur Curry/ Aquaman Alan Ritchson
20%
Fifty Shades movies Whitney Fordman Eric Johnson
10%
V, Bitten, Ted, Sullivan's crossing Kara/ Supergirl laura vandervoort
10%
Once Upon a time, Being human, Supergirl davis Bloome sam Witwer
10%
The Rookie, cadet kelly, X2 Eric Summers Shawn Ashmore
10%
The OC, Nobody wants this Justin Gaines Adam brody
0%
The orville, legion, Reddawn, John Wick Abigail fine Adrianne palicki
0%
FBI, Forever, Criminal minds Aethyr Alana de la garza
0%
the 100, battlestar galactica Dr Emil Hamilton Alessandro Juliani
0%
Stitchers, Vampire Diaries Jayna Alison Scagliotti
0%
Life size, tooth fairy, Riverdale Dale Ross/ Dr klein Alvin sanders
0%
Riverdale Doctor Barclay Hope
0%
saving hope, Vampire Diaries Jason bartlett Benjamin Ayres
0%
Fringe, elementary Rachel Dunleavy Blair Brown
0%
The Mentalist, outer banks, Devious Maids Kara/ Lindsay harrison Brianna brown
0%
the 4400, call me fitz Buffy sanders Brooke nevin
0%
izombie young Duncan Allenmeyer Bryce Hodgson
0%
star wars, Blues brothers Pauline Kahn Carrie Fisher
0%
Grey's anatomy geoff Johns Chris carmack
0%
Eureka, Lost, Once upon a time Winslow Schott Chris Gauthier
0%
Bring it on fight on to the finish, falling inn love Rachel Davenport Christina Milian
0%
van helsing Zor-el Christopher Heyerdahl
0%
Spiderman far from Home, How i met your mother Shannon bell Cobie Smulders
0%
Guardians of the galaxy Aldar dave bautista
0%
Supergirl, Macgyver helen bryce Emmanuelle Vaugier
0%
The 100, Eureka, nancy drew, deadly class Adrianna Tomaz Erica Cerra
0%
Everything everything, Blade Trinity DR Lia teng Francoise Yip
0%
Riverdale Tobias Rice Greyston Holt
0%
last of us, shogun, Percy Jackson series Principal H James Kwan Hiro Kanagawa
0%
Buffy, Angel, PS i love you Milton Fine James Marsters
0%
Somewhere in Time, dr quinn medicine woman, wedding crashers genevieve teague Jane Seymour
0%
seventh son, master and commander Solomon Grundy John deSantis
0%
izombie Dr Alfonso John Emmet Tracy
0%
The 100, Bones, Once upon a time Dr william Mcbride John Pyper ferguson
0%
Mean girls Kevin grady Jonathan bennett
0%
the 100, Teen Wolf, Mayans MC dr Bernard Chisholm JR Bourne
0%
Drive me crazy, Bones, Veronica Mars, Nip/tuck Cat grant keri Lynn pratt
0%
Mortal Instruments movie Seth Nelson Kevin Zegers
0%
Now you see me 2, Mean Girls Tina greer Lizzy caplan
0%
Riverdale, Charmed Orlando Block Lochlyn Munro
0%
High school Musical Young Lex Luthor Lucas Grabeel
0%
Supergirl, Sky high, Wonder woman series Moira Sullivan Lynda carter
0%
Superman Bridgette Crosby Margot Kidder
0%
When calls the heart, Riverdale Dr Lawrence Garner Martin Cummins
0%
Once upon a time megan calder Meghan Ory
0%
Legends of Tomorrow Richter Maddox Michael Eklund
0%
Rookie Blue, Stick it, FBI Molly griggs Missy peregrym
0%
Fringe, When calls the heart raya/ Karen gallagher pascale hutton
0%
The Rookie, the tomorrow people, madmen Lucy lane peyton List
0%
star trek voyager, star trek star fleet Edward teague Robert Picardo
0%
True blood Morgan Edge Rutger Hauer
0%
pretty little liars Jason Dante Ryan merriman
0%
Vampire Diaries, series of unfortunate events Kat Sara Canning
0%
falling skies, final destination 2 Alicia Baker Sarah carter
0%
Pretty Little Liars, Vampire Diaries Byron Moore Sean faris
0%
Vampire Diaries, Krypton Chloe's boy thing Shaun Sipos
0%
Superman 2, the collector, miss peregrine's home for peculiar children Jor-el terence Stamp
0%
Supergirl, desperate housewives, lois& clark new adventures Ella lane Teri hatcher
0%
elementary, csi, the mentalist, Ncis Adrian Tim Guinee
0%
Vampire Diaries Mikhail mxyzptlk trent Ford
0%
Teen Wolf, Maid in Manhattan Javier Ramirez Tyler Posey
0%
No matching quizzes found
Score Distribution
Percent of People with Each Score
Percentile by Number Answered
Your Score History
You have not taken this quiz